000
00204 a2200097 4500
001
46136
100
_a
Hubbard C L B
245
_a
Dogs in Brit
260
_a
London
_b
Macmillan
_c
090
_c
29239
_d
29239
942
_a
NUST-CAE
_c
M
_c
21379
999
_c
281209
_d
281209